Anuario estadístico de producción y comercialización de frijol (Record no. 75214)
[ view plain ]
| 000 -CABECERA | |
|---|---|
| campo de control de longitud fija | 01509cam a2200397 a 4500 |
| 003 - IDENTIFICADOR DEL NÚMERO DE CONTROL | |
| campo de control | CHAP |
| 005 - FECHA Y HORA DE LA ÚLTIMA TRANSACCIÓN | |
| campo de control | 20220329141859.0 |
| 008 - DATOS DE LONGITUD FIJA--INFORMACIÓN GENERAL | |
| campo de control de longitud fija | 980403m1997 mx b rsy o00010 spa d |
| 010 ## - NÚMERO DE CONTROL DE LA BIBLIOTECA DEL CONGRESO | |
| Número de control de LC | 75214 |
| 011 ## - ENLACE DEL NUMERO DE CONTROL DE LA BIBLIOTECA DEL CONGRESO [OBSOLETO] | |
| Número de control de LC | 76186 |
| 022 ## - NÚMERO INTERNACIONAL NORMALIZADO PARA PUBLICACIONES SERIADAS | |
| Número Internacional Normalizado para Publicaciones Seriadas | 1405-5538 |
| 035 ## - NÚMERO DE CONTROL DEL SISTEMA | |
| Número de control de sistema | 85765 |
| 040 ## - FUENTE DE LA CATALOGACIÓN | |
| Centro/agencia transcriptor | CHAP |
| 082 04 - NÚMERO DE LA CLASIFICACIÓN DECIMAL DEWEY | |
| Número de clasificación | 338.17565 |
| Número de documento/Ítem | M4 |
| 110 2# - ENTRADA PRINCIPAL--NOMBRE DE ENTIDAD CORPORATIVA | |
| Nombre de entidad corporativa o nombre de jurisdicción como elemento de entrada | Mexico. Centro de Estadística Agropecuaria. |
| 9 (RLIN) | 75277 |
| 245 10 - MENCIÓN DE TÍTULO | |
| Título | Anuario estadístico de producción y comercialización de frijol |
| Mención de responsabilidad, etc. | /por Centro de Estadística Agropecuaria |
| 260 ## - PUBLICACIÓN, DISTRIBUCIÓN, ETC. | |
| Lugar de publicación, distribución, etc. | México, D. F. : |
| Nombre del editor, distribuidor, etc. | Centro de Estadística Agropecuaria, |
| Fecha de publicación, distribución, etc. | 199 -19 |
| 300 ## - DESCRIPCIÓN FÍSICA | |
| Extensión | v. : |
| Otras características físicas | cuadros ; gráfs. |
| 500 ## - NOTA GENERAL | |
| Nota general | c. de Producción y comercialización de frijol 1987-93 |
| 500 ## - NOTA GENERAL | |
| Nota general | La biblioteca tiene : 1995, 1996 |
| 590 ## - NOTA LOCAL (RLIN) | |
| Nota local | BATCH-UPD |
| Procedencia (VM) [OBSOLETO] | 10 |
| Condición del los carretes individuales (VM) [OBSOLETO] | 20130110 |
| -- | UCH01 |
| -- | 0322 |
| 590 ## - NOTA LOCAL (RLIN) | |
| Nota local | BATCH-UPD |
| Procedencia (VM) [OBSOLETO] | 10 |
| Condición del los carretes individuales (VM) [OBSOLETO] | 20130409 |
| -- | UCH01 |
| -- | 2355 |
| 590 ## - NOTA LOCAL (RLIN) | |
| Nota local | BATCH-UPD |
| Procedencia (VM) [OBSOLETO] | 10 |
| Condición del los carretes individuales (VM) [OBSOLETO] | 20130914 |
| -- | UCH01 |
| -- | 1442 |
| 590 ## - NOTA LOCAL (RLIN) | |
| Nota local | CONVERSION |
| Procedencia (VM) [OBSOLETO] | 10 |
| Condición del los carretes individuales (VM) [OBSOLETO] | 20130109 |
| -- | UCH01 |
| -- | 1341 |
| 650 04 - PUNTO DE ACCESO ADICIONAL DE MATERIA--TÉRMINO DE MATERIA | |
| Término de materia o nombre geográfico como elemento de entrada | Frijol |
| Subdivisión general | Estadísticas. |
| 9 (RLIN) | 43374 |
| 650 04 - PUNTO DE ACCESO ADICIONAL DE MATERIA--TÉRMINO DE MATERIA | |
| Término de materia o nombre geográfico como elemento de entrada | Frijol |
| Subdivisión general | Mercadeo. |
| 9 (RLIN) | 43406 |
| 650 04 - PUNTO DE ACCESO ADICIONAL DE MATERIA--TÉRMINO DE MATERIA | |
| Término de materia o nombre geográfico como elemento de entrada | Frijol |
| Subdivisión general | Precios. |
| 9 (RLIN) | 43420 |
| 650 04 - PUNTO DE ACCESO ADICIONAL DE MATERIA--TÉRMINO DE MATERIA | |
| Término de materia o nombre geográfico como elemento de entrada | Frijol |
| Subdivisión general | Rendimiento. |
| 9 (RLIN) | 43429 |
| 901 ## - ELEMENTOS DE DATOS A LOCAL LDA (RLIN) | |
| a | BK |
| 905 ## - ELEMENTOS DE DATOS E LOCAL, LDE (RLIN) | |
| a | Lilia Sánchez G. |
| 942 ## - ELEMENTOS DE PUNTO DE ACCESO ADICIONAL (KOHA) | |
| Tipo de ítem Koha | Libro |
| 949 ## - PROCESAMIENTO DE INFORMACIÓN LOCAL (OCLC) | |
| a | 338.17565 M4 |
| b | BC |
| c | C |
| d | 33724000690939 |
| e | C |
| f | 1995 |
| h | 93172 |
| i | 85765 |
| s | b |
| 949 ## - PROCESAMIENTO DE INFORMACIÓN LOCAL (OCLC) | |
| a | 338.17565 M4 |
| b | BC |
| c | C |
| d | 33724000690988 |
| e | C |
| f | 1995 c.2 |
| h | 93521 |
| i | 85765 |
| s | b |
| 949 ## - PROCESAMIENTO DE INFORMACIÓN LOCAL (OCLC) | |
| a | 338.17565 M4 |
| b | BC |
| c | C |
| d | 33724000726857 |
| e | C |
| f | 1996 |
| h | 95481 |
| i | 85765 |
| s | b |
| 949 ## - PROCESAMIENTO DE INFORMACIÓN LOCAL (OCLC) | |
| a | 338.17565 M4 |
| b | BC |
| c | C |
| d | 33724000726865 |
| e | C |
| f | 1996 c.2 |
| h | 95482 |
| i | 85765 |
| s | b |
| Estado de retiro | Estado de pérdida | Fuente del sistema de clasificación o colocación | Estado dañado | Restricciones de uso | No para préstamo | Código de colección | Localización permanente | Ubicación/localización actual | Ubicación en estantería | Fecha de adquisición | Información codificada de la localización en otra ubicación | Total de préstamos | Signatura topográfica completa | Código de barras | Fecha visto por última vez | Número de copia | Precio válido a partir de | Tipo de ítem Koha |
|---|---|---|---|---|---|---|---|---|---|---|---|---|---|---|---|---|---|---|
| Dewey Decimal Classification | Préstamo interno | Consulta | Biblioteca Central | Biblioteca Central | Planta alta - Coleción Consulta | 31/12/2019 | LIBRO | 338.17565 M4 | 33724000690939 | 31/12/2019 | 1995 | 31/12/2019 | Libro | |||||
| Dewey Decimal Classification | Préstamo interno | Consulta | Biblioteca Central | Biblioteca Central | Planta alta - Coleción Consulta | 31/12/2019 | LIBRO | 338.17565 M4 | 33724000690988 | 31/12/2019 | 1995 c.2 | 31/12/2019 | Libro | |||||
| Dewey Decimal Classification | Préstamo interno | Consulta | Biblioteca Central | Biblioteca Central | Planta alta - Coleción Consulta | 31/12/2019 | LIBRO | 338.17565 M4 | 33724000726857 | 31/12/2019 | 1996 | 31/12/2019 | Libro | |||||
| Dewey Decimal Classification | Préstamo interno | Consulta | Biblioteca Central | Biblioteca Central | Planta alta - Coleción Consulta | 31/12/2019 | LIBRO | 338.17565 M4 | 33724000726865 | 31/12/2019 | 1996 c.2 | 31/12/2019 | Libro |
